Netting materials for fishing gear

Saved in:
Bibliographic Details
Main Author: Gerhard Klust
Format: Book
Language:Undetermined
Published: Surrey, Eng. Fishing News Books 1982
Subjects:
Tags: Add Tag
No Tags, Be the first to tag this record!
Institutions: Trung tâm Học liệu Trường Đại học Cần Thơ
LEADER 00476nam a2200181Ia 4500
001 CTU_58237
008 210402s9999 xx 000 0 und d
082 |a 639.22028 
082 |b K67 
100 |a Gerhard Klust 
245 0 |a Netting materials for fishing gear 
245 0 |c Gerhard Klust 
260 |a Surrey, Eng. 
260 |b Fishing News Books 
260 |c 1982 
650 |a fishing nets 
904 |i Minh 
980 |a Trung tâm Học liệu Trường Đại học Cần Thơ